Word Ladder: The Long Cold Offseason Quiz Stats

 Plays Quiz Updated Jan 28, 2018

Score 0/18 Timer 02:00
2 Plays Today
Hint 4-Letter Word % Correct
'The girl ___ door'⚾NEXT⚾
94.9%
Smallest of the litterRUNT
94.2%
Campground shelterTENT
93%
Last ___ and testamentWILL
92.3%
Written wordsTEXT
90.3%
Farm the land⚾TILL⚾
89.8%
Speak vehemently and excitedlyRANT
88.4%
Faint hueTINT
88.1%
Pinball no-noTILT
88%
Hint 4-Letter Word % Correct
Bide one’s time⚾WAIT⚾
86.6%
CloseNEAR
85.6%
One revolution around the sun⚾YEAR⚾
85.5%
Ferric oxideRUST
83.8%
Undiluted, alcoholicallyNEAT
83.2%
LackWANT
82.1%
One edge of baseball's field of playWALL
78%
UlulateWAIL
73.8%
'Fair and ___'⚾JUST⚾
70.6%

Today's Daily Dose

Missing Word
Arizona A-Z

Word Ladder
Greek Letters II

Get the Picture
US National Parks

You're not logged in!

Compare scores with friends on all Sporcle quizzes.
OR
Log In

You Might Also Like...

Show Comments

Extras

Top Quizzes Today


Score Distribution

Your Account Isn't Verified!

In order to create a playlist on Sporcle, you need to verify the email address you used during registration. Go to your Sporcle Settings to finish the process.

Report this User

Report this user for behavior that violates our Community Guidelines.

Details: